If You Don't Feed The Teachers They Eat The Student (Record no. 24874)

MARC details
000 -LEADER
fixed length control field 00612nam a22001937a 4500
003 - CONTROL NUMBER IDENTIFIER
control field OSt
005 - DATE AND TIME OF LATEST TRANSACTION
control field 20260619111837.0
008 - FIXED-LENGTH DATA ELEMENTS--GENERAL INFORMATION
fixed length control field 260619b |||||||| |||| 00| 0 eng d
020 ## - INTERNATIONAL STANDARD BOOK NUMBER
International Standard Book Number 9780865304574
040 ## - CATALOGING SOURCE
Transcribing agency Chuka University Library
050 ## - LIBRARY OF CONGRESS CALL NUMBER
Classification number LB 2805 .C66 2000
100 ## - MAIN ENTRY--PERSONAL NAME
Personal name Connors Neila A.
9 (RLIN) 30411
245 ## - TITLE STATEMENT
Title If You Don't Feed The Teachers They Eat The Student
260 ## - PUBLICATION, DISTRIBUTION, ETC.
Place of publication, distribution, etc. Nashville,Tennessee
Name of publisher, distributor, etc. Incentive Publications
Date of publication, distribution, etc. 2000
300 ## - PHYSICAL DESCRIPTION
Extent 143pp
Other physical details Illustrations
650 ## - SUBJECT ADDED ENTRY--TOPICAL TERM
Topical term or geographic name entry element Educational Leadership United States
9 (RLIN) 27697
650 ## - SUBJECT ADDED ENTRY--TOPICAL TERM
Topical term or geographic name entry element School Environment United States
9 (RLIN) 28061
942 ## - ADDED ENTRY ELEMENTS (KOHA)
Source of classification or shelving scheme Library of Congress Classification
Koha item type Long Loan Books
Suppress in OPAC No
Holdings
Withdrawn status Lost status Source of classification or shelving scheme Damaged status Not for loan Collection Home library Current library Shelving location Date acquired Source of acquisition Cost, normal purchase price Total Checkouts Full call number Barcode Date last seen Price effective from Koha item type
    Library of Congress Classification     General Collection Books Main Campus Library Main Campus Library General Stacks 19/06/2026 Donations From Books For Africa 3297.13   LB 2805 .C66 2000 35511/2026 19/06/2026 19/06/2026 Long Loan Books

Powered by Koha